zpět

Detail výsledku týmu

Restaurace Ostende, Chocerady

Datum a čas kvízu

23.5 Celkem bodů Celkový počet nahraných bodů na tomto kvízu bez doplňovacích otázek.
4. Pořadí na kvízu Konečné umístění týmu na tomto kvízu.

Zaznamenané odpovědi

# Otázka Odpověď Body Výsledky
1. Odborníci ze Západočeské unive... sršeň (asijská) 0
2. Které dva státy minulý týden v... Bulharsko, Rumunsko 0
3. Pondělní vyřizování účtů mezi... Aleš Bejr 0
4. Minulý týden si žena na severu... s bambulí (od čepice) 0
5. Český snowboardista Radek Hous... obarvit se na blond 0
6. Věříme, že ovládáte velkou pal... Drahá vlasti 0
7. Kalaallit Nunaat, tak zní v mí... Dánsko 0
8. Vyberte zemi, jejíž zkratka ná... C 1
9. Švýcarsko má čtyři úřední jazy... 1C 2D 3B 4A 1
10. Na snímku z letiště můžete spa... Dublin 0